000 00701nam a22002417a 4500
003 UA-OsUOA
001 50778
007 ta
008 20140626b un ||||| |||| 00| 0 ukr d
100 _aСергійчук В.І.
090 _a94(477).04
_bС32
942 _cBK
040 _aUA-OsUOA
_bukr
_cUA-OsUOA
_dUA-OsUOA
245 _aДмитро Вишневецький
300 _a190 с.
955 _a1
041 _aukr
080 _a94(477).04
260 _aК.
_bУкраїна
_c2003
650 7 _a9 Географія. Біографії. Історія
_2UDC
999 _c430907
_d430907